Proyecto preliminar de investigación multidisciplinaria en un municipio del Altiplano Occidental de Guatemala: Proyecto Joyabaj /

Sábháilte in:
Sonraí bibleagrafaíochta
Príomhchruthaitheoir: Campang, José
Rannpháirtithe: Chang, Justo, Lorence, Nancy, Ordóñez, Amílcar
Formáid: Téacs
Teanga:Spanish
Foilsithe / Cruthaithe: San José: ACAS-CEDAL 1975
Clibeanna: Cuir clib leis
Níl clibeanna ann, Bí ar an gcéad duine le clib a chur leis an taifead seo!

MARC

LEADER 00000 a a2200000 04500
001 17603
003 cru CIDCACS/IIS
005 20231128112901.0
008 231128b |||||||| |||| 00| 0 spa d
040 |c cru CIDCACS/IIS 
090 |a 002800  
100 |a Campang, José  
245 |a Proyecto preliminar de investigación multidisciplinaria en un municipio del Altiplano Occidental de Guatemala: Proyecto Joyabaj /  |c José Campang 
260 |a San José:   |b ACAS-CEDAL   |c 1975 
300 |a 11 p.  
700 |a Chang, Justo  
700 |a Lorence, Nancy  
700 |a Ordóñez, Amílcar  
942 |2 z  |c LI 
999 |c 14561  |d 14561